Регионална библиотека "Любен Каравелов" - Русе

Табак (Запис номер 35282)

MARC детайли
000 -Лидер
Контролно поле с фиксирана дължина 00916nam a2200277 c 4500
003 - Код на организацията, давaща контролен номер
Контролно поле BLK
005 - Дата и час на последна редакция
Контролно поле 20180420220823.0
008 - Елементи от данни с фиксирана дължина
fixed length control field 180408b bul|||||r ||||||| ||bul||
010 ## - Наследен системен номер
LC control number KNG00038015000
040 ## - Източник на каталожния запис
Идентификатор на билиотеката - собственик на записа BLK
041 ## - Код за език
Код за езика на текст/звукозапис или на отделно заглавие Руски
Код за езика КДБФ Руски
080 ## - УДК
Текстов определител УДК Българска литература
УДК код - определител по УДК 821.163.2
УДК определител -31
УДК - код + определител 821.163.2-31
100 1# - Редна дума - Автор
Автор Димов, Димитр
Авторска отговорност първи автор
R(LIN) 274257
139 ## - Редно поле
Редна дума Димов, Димитр
Авторски знак Димо - Д 60
245 10 - Сведения за заглавието
Заглавие Табак
Подзаглавни данни Роман
Редно поле (дума) Димитр Димов; прев. от бълг. Д. Горбов.
257 ## - Страна на издаване
Страна на създаване/издаване България
260 ## - Област на издателските данни
-- Москва
Име на издателя, разпространителя и проч. Иностранная лит.
Година на издаване 1956
300 ## - Физическа характеристика
Страници 736 с.
Размери/Мащаб 23 см
380 ## - Жанр
Жанр Худож. лит.
700 1# - Други автори (авторска отговорност)
Лично име Горбов, Д.
Автороска отговорност (Описва отношението между автора и произведението) прев. от бълг.
9 (RLIN) 274258
852 ## - Местоположение
Форматна сигнатура Цб 2570
856 4# - Електронен адрес и достъп
Електронен формат pdf - файл
Път до файла /url/
856 4# - Електронен адрес и достъп
Електронен формат pdf - файл
Път до файла /url/
942 ## - АРТИКУЛИ
Вид на библиотечния материал Книги
Скрит в OPAC Не
944 ## - СЪЗДАВАНЕ И РЕДАКЦИЯ на ЗАПИСА
Създаване/Редакция Създаване
Дата на регистрацията/редакция 13.01.2017
Служител, извършил регистрацията/редакцията Вася_Ганчева
944 ## - СЪЗДАВАНЕ И РЕДАКЦИЯ на ЗАПИСА
Създаване/Редакция Редакция
Дата на регистрацията/редакция 13.01.2017
Служител, извършил регистрацията/редакцията Вася_Ганчева
999 ## - СИСТЕМНИ КОНТРОЛНИ НОМЕРА
Koha biblionumber 35282
Koha biblioitemnumber 35282
Наличности
Код за отписване Код за изгубен артикул Източник на класификационната схема Код за повреда Коз за рестрикции Код за отдаване Артикулен № Име на библиотеката - собственик Име на библиотеката, в която се намира в момента Статус (Текущо местоположение) Дата на вписване в системата Местоположение - отдел Цена в лева Инвентарен номер Систематично азбучна сигнатура Баркод Номер на екземпляра Цена в евро Служебна бележка Служебен тип на артикула
  Не е изгубен Universal Decimal Classification Не е повреден без рестрикции ползва се в читалня 55832 Регионална библиотека "Любен Каравелов" Русе Регионална библиотека "Любен Каравелов" Русе Хранилище 1956-01-01 Основен фонд - ползва се само за читалня 2.22 4614/56 Цб 2570 900000050628 1 1.14 Дост: Pk Вид: Сф N: стар фонд Дата: 01.01.1956 Книги
Vip Innovations Ltd, Rousse, Bulgaria 2025